000 00505nmm a2200157Ia 4500
008 251105s9999||||xx |||||||||||||||||und||
020 _a9788431521349
041 _aspa
100 _aCecchini, Tina
245 0 _aCómo hacer en casa vinos, licores y elixires curativos
264 _a[Madrid, España] :
_bDe Vecchi,
_c[Fecha de publicación no identificada]
300 _a0 páginas
650 _aMind, body and spirituality
856 _uhttps://public.digitaliapublishing.com/a/122881
942 _cCF
999 _c81013
_d81013